Good news Bible : (Record no. 10162)
[ view plain ]
| 000 -LEADER | |
|---|---|
| fixed length control field | 00528nam a22001937a 4500 |
| 003 - CONTROL NUMBER IDENTIFIER | |
| control field | OSt |
| 005 - DATE AND TIME OF LATEST TRANSACTION | |
| control field | 20140310182159.0 |
| 008 - FIXED-LENGTH DATA ELEMENTS--GENERAL INFORMATION | |
| fixed length control field | 130902t xxu||||| |||| 00| 0 eng d |
| 050 ## - LIBRARY OF CONGRESS CALL NUMBER | |
| Classification number | BS 195 |
| Item number | G646 1966 |
| 082 ## - DEWEY DECIMAL CLASSIFICATION NUMBER | |
| Classification number | HS 220.5 |
| Item number | G61 1979 |
| 245 ## - TITLE STATEMENT | |
| Title | Good news Bible : |
| Remainder of title | with Deuterocanonicals/Apocrypha / |
| 260 ## - PUBLICATION, DISTRIBUTION, ETC. (IMPRINT) | |
| Place of publication, distribution, etc | New York : |
| Name of publisher, distributor, etc | American Bible Society, |
| Date of publication, distribution, etc | c1966. |
| 300 ## - PHYSICAL DESCRIPTION | |
| Extent | 413 p. : |
| Other physical details | ill, ; |
| Dimensions | 20 cm. |
| 500 ## - GENERAL NOTE | |
| General note | includes index. |
| 541 ## - IMMEDIATE SOURCE OF ACQUISITION NOTE | |
| -- | 1 |
| 562 ## - COPY AND VERSION IDENTIFICATION NOTE | |
| Number of copies | 1 |
| 650 ## - SUBJECT ADDED ENTRY--TOPICAL TERM | |
| Topical term or geographic name as entry element | Bible. |
| 9 (RLIN) | 16131 |
| 942 ## - ADDED ENTRY ELEMENTS (KOHA) | |
| Source of classification or shelving scheme | Library of Congress Classification |
| Koha item type | |
| Withdrawn status | Lost status | Source of classification or shelving scheme | Damaged status | Home library | Current library | Shelving location | Date acquired | Total Checkouts | Full call number | Barcode | Date last seen | Copy number | Price effective from | Koha item type |
|---|---|---|---|---|---|---|---|---|---|---|---|---|---|---|
| Library of Congress Classification | Luxembourg Library | Luxembourg Library | High School Section | 09/02/2013 | BS 195 .G646 1966 | 9035 | 09/02/2013 | 1 | 09/02/2013 | Books |